International Rugby - Top Pointscorer by year 2000-2019 - Statistics

General Stats
  • This quiz has been taken 79 times
  • The average score is 11 of 18
Answer Stats
Year Country Points Player % Correct
2000 England 156 Jonny Wilkinson
96%
2001 England 167 Jonny Wilkinson
95%
2010 New Zealand 194 Daniel Carter
92%
2003 England 233 Jonny Wilkinson
89%
2006 New Zealand 186 Daniel Carter
88%
2017 New Zealand 168 Beauden Barrett
87%
2008 New Zealand 203 Daniel Carter
87%
2016 England 197 Owen Farrell
72%
2013 Wales/Lions 173 Leigh Halfpenny
64%
2004 South Africa 154 Percy Montgomery
64%
2005 South Africa 158 Percy Montgomery
63%
2007 South Africa 219 Percy Montgomery
60%
2009 Australia 153 Matt Giteau
49%
2014 Japan 189 Ayumu Goromaru
27%
2015 Japan 176 Ayumu Goromaru
27%
2012 Japan 158 Ayumu Goromaru
23%
2011 Tonga 137 Kurt Morath
17%
2002 Japan 167 Toru Kurihara
7%
No matching quizzes found
Score Distribution
Percent of People with Each Score
Percentile by Number Answered
Your Score History
You have not taken this quiz